| 000 | 00502nam a2200181Ia 4500 | ||
|---|---|---|---|
| 999 |
_c28542 _d28542 |
||
| 003 | OSt | ||
| 005 | 20210107101505.0 | ||
| 008 | 190216s9999||||xx |||||||||||||| ||und|| | ||
| 020 | _a9788171309214 | ||
| 040 | _coclc | ||
| 082 |
_a894.812301 _bMUK/K |
||
| 100 |
_aMukundan, M _96509 |
||
| 245 | 0 |
_aKaikkumbilile Vellam / _cM Mukundan |
|
| 260 |
_bDc Books, _aKottayam: _c2004. |
||
| 300 | _a124p | ||
| 650 | _aKathakal | ||
| 942 |
_cBK _2ddc _h894.812301 _iMUK/K _k894.812301 _mMUK/K |
||